Welcome to University of Cape Coast Library, Online Public Access Catalogue (OPAC)

Opportunities for research and advanced study. (Record no. 44792)

MARC details
000 -LEADER
fixed length control field 02597cas a2200577 4500
001 - CONTROL NUMBER
control field 11198503
003 - CONTROL NUMBER IDENTIFIER
control field OSt
005 - DATE AND TIME OF LATEST TRANSACTION
control field 20230608111106.0
008 - FIXED-LENGTH DATA ELEMENTS--GENERAL INFORMATION
fixed length control field 740730d19711972dcuar f0 a0eng c
010 ## - LIBRARY OF CONGRESS CONTROL NUMBER
LC control number 76641623
022 0# - INTERNATIONAL STANDARD SERIAL NUMBER
International Standard Serial Number 0191-3158
ISSN-L 0191-3158
Source 1
035 ## - SYSTEM CONTROL NUMBER
System control number (OCoLC)ocm00967835
040 ## - CATALOGING SOURCE
Original cataloging agency CSU
Language of cataloging eng
Transcribing agency CSU
Modifying agency DLC
-- NSD
-- OCL
-- GPO
-- OCL
-- NST
-- OCL
-- NST
-- HUL
-- OCL
-- OCLCQ
-- IUL
-- CUV
-- OCLCF
-- GPO
-- OCLCA
-- OCLCQ
-- SPI
-- COM
-- OCLCO
042 ## - AUTHENTICATION CODE
Authentication code pcc
-- nsdp
043 ## - GEOGRAPHIC AREA CODE
Geographic area code n-us-dc
050 00 - LIBRARY OF CONGRESS CALL NUMBER
Classification number Q183.3.W3
Item number .Op5
074 ## - GPO ITEM NUMBER
GPO item number 0910
082 04 - DEWEY DECIMAL CLASSIFICATION NUMBER
Classification number 001.4/3/09753
086 0# - GOVERNMENT DOCUMENT CLASSIFICATION NUMBER
Classification number SI 1.2:R 31/
222 #0 - KEY TITLE
Key title Opportunities for research and advanced study
245 00 - TITLE STATEMENT
Title Opportunities for research and advanced study.
246 1# - VARYING FORM OF TITLE
Title proper/short title Smithsonian Institution opportunities for research and advanced study
260 ## - PUBLICATION, DISTRIBUTION, ETC.
Place of publication, distribution, etc. Washington,
Name of publisher, distributor, etc. Office of Academic Programs, Smithsonian Institution.
300 ## - PHYSICAL DESCRIPTION
Extent 266 p.
Other physical details illustrations
Dimensions 23 cm
310 ## - CURRENT PUBLICATION FREQUENCY
Current publication frequency Annual
336 ## - CONTENT TYPE
Content type term text
Content type code txt
Source rdacontent
337 ## - MEDIA TYPE
Media type term unmediated
Media type code n
Source rdamedia
338 ## - CARRIER TYPE
Carrier type term volume
Carrier type code nc
Source rdacarrier
362 0# - DATES OF PUBLICATION AND/OR SEQUENTIAL DESIGNATION
Dates of publication and/or sequential designation 1970/71-1971/72.
590 ## - LOCAL NOTE (RLIN)
Local note SERBIB/SERLOC merged record
610 20 - SUBJECT ADDED ENTRY--CORPORATE NAME
Corporate name or jurisdiction name as entry element Smithsonian Institution.
Subordinate unit Office of Academic Programs
Form subdivision Periodicals.
9 (RLIN) 22958
610 27 - SUBJECT ADDED ENTRY--CORPORATE NAME
Corporate name or jurisdiction name as entry element Smithsonian Institution.
Subordinate unit Office of Academic Programs.
Source of heading or term fast
Authority record control number or standard number (OCoLC)fst00567656
9 (RLIN) 22959
650 #0 - SUBJECT ADDED ENTRY--TOPICAL TERM
Topical term or geographic name entry element Science
General subdivision Study and teaching (Higher)
Geographic subdivision Washington (D.C.)
Form subdivision Periodicals.
9 (RLIN) 22960
650 #0 - SUBJECT ADDED ENTRY--TOPICAL TERM
Topical term or geographic name entry element Social sciences
General subdivision Study and teaching (Higher)
Geographic subdivision Washington (D.C.)
Form subdivision Periodicals.
9 (RLIN) 22961
650 #6 - SUBJECT ADDED ENTRY--TOPICAL TERM
Topical term or geographic name entry element Sciences
General subdivision Étude et enseignement (Supérieur)
Geographic subdivision Washington (D.C.)
Form subdivision Périodiques.
9 (RLIN) 22962
650 #7 - SUBJECT ADDED ENTRY--TOPICAL TERM
Topical term or geographic name entry element Science
General subdivision Study and teaching (Higher)
Source of heading or term fast
Authority record control number or standard number (OCoLC)fst01108455
9 (RLIN) 22963
650 #7 - SUBJECT ADDED ENTRY--TOPICAL TERM
Topical term or geographic name entry element Social sciences
General subdivision Study and teaching (Higher)
Source of heading or term fast
Authority record control number or standard number (OCoLC)fst01123030
9 (RLIN) 22964
651 #7 - SUBJECT ADDED ENTRY--GEOGRAPHIC NAME
Geographic name Washington (D.C.)
Source of heading or term fast
Authority record control number or standard number (OCoLC)fst01204505
9 (RLIN) 842
655 #2 - INDEX TERM--GENRE/FORM
Genre/form data or focus term Periodical
9 (RLIN) 6471
655 #7 - INDEX TERM--GENRE/FORM
Genre/form data or focus term periodicals.
Source of term aat
9 (RLIN) 241
655 #7 - INDEX TERM--GENRE/FORM
Genre/form data or focus term Periodicals.
Source of term fast
Authority record control number or standard number (OCoLC)fst01411641
9 (RLIN) 241
655 #7 - INDEX TERM--GENRE/FORM
Genre/form data or focus term Periodicals.
Source of term lcgft
9 (RLIN) 241
655 #7 - INDEX TERM--GENRE/FORM
Genre/form data or focus term Périodiques.
Source of term rvmgf
9 (RLIN) 22965
710 2# - ADDED ENTRY--CORPORATE NAME
Corporate name or jurisdiction name as entry element Smithsonian Institution.
Subordinate unit Office of Academic Programs.
9 (RLIN) 22959
776 08 - ADDITIONAL PHYSICAL FORM ENTRY
Relationship information Online version:
Title Opportunities for research and advanced study
Record control number (OCoLC)609867371
780 00 - PRECEDING ENTRY
Title Smithsonian research opportunities
Record control number (DLC)sn 85017330
-- (OCoLC)967826
785 00 - SUCCEEDING ENTRY
Title Smithsonian opportunities for research and study in history, art, science
International Standard Serial Number 0093-8335
Record control number (DLC) 73646897
-- (OCoLC)1789143
906 ## - LOCAL DATA ELEMENT F, LDF (RLIN)
a 7
b cbc
c serials
d 4
e ncip
f 19
g n-oclcserc
942 ## - ADDED ENTRY ELEMENTS (KOHA)
Source of classification or shelving scheme Library of Congress Classification
Koha item type Books

No items available.

Koha©2022 UCC.All Right Reserved.Site Developed by Sam Jonah Library IT Team
<Home | Contact | Library publications |Research Tools | Research Guides |https://ucclivechat.library-gh.net/index.php/chat

If you have questions or concern please contact the Library.



PMB, University of Cape Coast

KOHA HOME